000 01079nam a22002537a 4500
005 20180228104100.0
010 _a1617EN ENG-116229
020 _a9780199466740
_c750.00
035 _aB-650008-014
035 _aEN-99761
035 _aB-664912
037 _bUppal
_adpl
037 _bDBAD/PUB
082 _a883.08
100 _aMirza, Maryam
245 _aIntimate class acts:
_bfriendship and desire in Indian and Pakistani women's fiction /
_cby Maryam Mirza
260 _aNew Delhi
_bOxford University Press
_c2016
270 _aYMCA Library Building, 1 Jai Singh Road,
_bNew Delhi
_e110001
300 _axxx, 336p.
_c22cm(Hb)
500 _aIncludes bibliographical references and index
942 _2ddc
_cEN
_mMIR
_h883.08
999 _c101850
_d101850